000 00760nam a2200217 u 4500
005 20240228064248.0
008 160725s2010 r 000 0 eng d
020 _a9788484183891
035 _aUPN01000211904
049 _aI
050 4 _aPZ38
_bR3.3
100 1 _aRanderath, Jeanette
_939362
245 1 0 _aFips no entiende el mundo :
_bcuando los padres se separan /
_cJeanette Randerath, Imke Sönnnichsen ; tr. de Ángels Fabregat.
260 _aBarcelona, Esp. :
_bZendrera Zariquiey,
_c2010.
300 _a[24] p. :
_bil.
534 _pTítulo original:
_tFips versteht die welt nichtmehr
650 0 _aLiteratura infantil alemana
_99171
650 4 _aLibros y lectura para niños
_92290
700 1 _aSónnichsen, Imke,
_ecoaut.
905 _aInfantil
999 _c184005
_d184005